Astrofísica /
Guardado en:
| Autor Principal: | |
|---|---|
| Formato: | Libro |
| Publicado: |
Estados Unidos de América :
O.e.a.,
1974
|
| Materias: | |
| Etiquetas: |
Agregar Etiqueta
Sin Etiquetas, Sea el primero en etiquetar este registro!
|
| LEADER | 00938nam a22002175a 4500 | ||
|---|---|---|---|
| 001 | CEM.cems003456 | ||
| 005 | 20060209000000.0 | ||
| 008 | 130507s1974##################000#0#####d | ||
| 003 | CEMS | ||
| 082 | 0 | 4 | |a 523 |
| 100 | 1 | |a Jaschek, Carlos | |
| 245 | 1 | 0 | |a Astrofísica / |c Carlos Jaschek |
| 260 | |a Estados Unidos de América : |b O.e.a., |c 1974 | ||
| 300 | |a 108 p. | ||
| 505 | 0 | |a Ciencia y religion en un mundo cambiante. Genesis. Creo Dios el Universo? . Por que existe el universo?. Que es la vida? Holismo contra revolucionismo. Mente y alma. El Yo. El factor cuantico. El tiempo. Libre albedrio y determinismo. La estructura fundamental de la materia. Los agujeros negros y el caos cosmico. El fin del Universo. La naturaleza desde la perspectiva del fisico | |
| 653 | |a Astrofisica | ||
| 653 | |a Astronomia | ||
| 653 | |a Cuasar | ||
| 653 | |a Efecto doppler | ||
| 653 | |a Estrellas | ||
| 859 | |a CEMS |b BIB. CEMS - 11 de abril |h 523 |i J31 |p 9951.81 |t Ej.1 | ||
